Römische Kaiser, die man kennen sollte - Statistiken

Allgemein
  • Dieses Quiz wurde 121 mal gespielt
  • Das Durchschnittsergebnis liegt bei 7 aus 15
Antwortstatistiken
Beschreibung Name % Korrekt
Soll angeblich Rom angezündet und die Christen dafür verantwortlich gemacht haben Nero
95%
Erster römischer Kaiser, der nach Germanien zu expandieren versuchte Augustus
94%
Vereinigte das Reich, erster Kaiser, der das Christentum erlaubte Konstantin der Große
62%
Unbeliebter Kaiser, der sein Pferd zum Konsul ernannte und einen Krieg gegen Neptun führte Caligula
61%
Vermutlich homosexueller Kaiser, der die griechische Kultur liebte und unter dem Frieden herrschte Hadrian
59%
Expandierte nach Mesopotamien, Armenien und ins heutige Rumänien, unter ihm erlangte Rom seine größte Ausdehnung Trajan
51%
Während seiner Regierungszeit soll Jesus hingerichtet worden sein Tiberius
45%
Eroberte Britannien und erließ zahlreiche Verordnungen, erster außerhalb von Italien geborener Kaiser Claudius
43%
Stabilisierte das Reich nach dem Vierkaiserjahr finanziell und politisch, ließ das Kolosseum errichten Vespasian
42%
Philosophenkaiser, der mit der Antoninischen Pest und Germaneneinfällen zu kämpfen hatte Marcus Aurelius
41%
Unter ihm ereigneten sich die Zerstörung des Jerusalemer Tempels, die Eröffnung des Kolosseums und der Ausbruch des Vesuvs Titus
35%
Umstrittener Kaiser, den Ridley Scott zum Schurken seines Films "Gladiator" machte Commodus
34%
Militaristischer Tyrann, der allen freien Bewohnern des Römischen Reiches das Bürgerrecht verlieh Caracalla
19%
Löste die Reichskrise des 3. Jh. mit der Einführung der Tetrarchie Diokletian
19%
Letzter gesamtrömischer Kaiser, der das Christentum zur Staatsreligion erhob Theodosius I.
17%
Keine übereinstimmenden Quizze gefunden
Verteilung der Resultate
Anzahl Personen mit jedem Resultat
Perzentil nach korrekt beantworteten Fragen
Ihre Resultats-Entwicklung
Sie haben dieses Quiz noch nicht gespielt